Cartas confidenciales de varios sobre diversos asuntos
Saved in:
| Main Author: | |
|---|---|
| Format: | Book |
| Language: | Spanish |
| Published: |
Buenos Aires
Imprenta de La Nación
1912
|
| Edition: | 1a. ed |
| Series: | Archivo del General Mitre, XV
|
| Subjects: | |
| Tags: |
Add Tag
No Tags, Be the first to tag this record!
|
MARC
| LEADER | 00000nam a2200000 a 4500 | ||
|---|---|---|---|
| 001 | UCJ7049 | ||
| 003 | CL-VaPUC | ||
| 008 | 070124e19120000AG |||||||||||||||||spa|d | ||
| 082 | 0 | 4 | |a 982 |b MIT |2 21 |
| 100 | |a Mitre, Bartolomé |e autor |9 315189 | ||
| 245 | 1 | 0 | |a Cartas confidenciales de varios sobre diversos asuntos |
| 250 | |a 1a. ed | ||
| 300 | |a 412 p | ||
| 942 | |c BK | ||
| 945 | |d 20070124 00:00:00 |a rinostro | ||
| 260 | |a Buenos Aires |b Imprenta de La Nación |c 1912 | ||
| 600 | 0 | 7 | |a SARRATEA, MARIANO |2 CL-VaPUC |9 514928 |
| 650 | 7 | |a DOCUMENTOS |2 CL-VaPUC |9 366450 | |
| 650 | 7 | |a PRESIDENTES ARGENTINOS |2 CL-VaPUC |9 458544 | |
| 650 | 0 | |a Correspondencia |9 258963 | |
| 650 | 0 | |a Crítica literaria |9 269189 | |
| 650 | 0 | |a Moneda |9 342365 | |
| 650 | 7 | |a GUERRAS CIVILES |2 CL-VaPUC |9 361938 | |
| 650 | 0 | |a Aborígenes |9 329972 | |
| 650 | 7 | |a MALONES |2 CL-VaPUC |9 514929 | |
| 583 | |a last modification |c 20070124 00:00:00 |k Rodrigo Vera | ||
| 490 | 0 | |a Archivo del General Mitre, XV | |
| 999 | |c 323151 |d 323149 | ||
| 952 | |0 0 |1 0 |4 0 |6 982_000000000000000_MIT_1912 |7 0 |8 X |9 402523 |a FDOBUD |b FDOBUD |d 2019-11-22 |i 1057553 |o 982 MIT 1912 |p 1057553 |r 2019-11-22 |w 2019-11-22 |y BK_X |k BUD | ||